Sitcom Cities Quiz Stats

Quiz Updated Mar 24, 2012

Challenge
Share
Tweet
Embed
Score 0/28 Timer 06:00
3 Plays Today
Sitcom Town/City % Correct
SeinfeldNew York, NY
96.9%
CheersBoston, MA
83.7%
Full HouseSan Francisco, CA
82.5%
FrasierSeattle, WA
82.1%
The SimpsonsSpringfield
81%
Married with ChildrenChicago, IL Suburb
77.4%
Sanford and SonLos Angeles, CA
71.3%
The Drew Carey ShowCleveland, OH
69.5%
Golden GirlsMiami, FL
67.1%
Home ImprovementDetroit, MI
65.6%
The Office (U.S.)Scranton, PA
58.7%
Designing WomenAtlanta, GA
48.1%
Murphy BrownWashington D.C.
43.6%
The Mary Tyler Moore ShowMinneapolis, MN
34.9%
Sitcom Town/City % Correct
Andy Griffith ShowMayberry, NC
33.5%
AlicePhoenix, AZ
25.9%
One Day at a TimeIndianapolis, IN
19.9%
Family TiesColumbus, OH
17.9%
That 70s ShowPoint Place, WI
16.9%
Mork & MindyBoulder, CO
14.4%
RoseanneLanford, IL
11.2%
Three's CompanySanta Monica, CA
9.9%
I Dream of JeannieCocoa Beach, FL
7.5%
The Facts of LifePeekskill, NY
2.6%
Mr. BelvedereBeaver Falls, PA
1.6%
Charles in ChargeNew Brunswick, NJ
1.3%
BewitchedWestport, CT
1.3%
MaudeTuckahoe, NY
1.2%

You're not logged in!

Compare scores with friends on all Sporcle quizzes.
Sign Up with Email
OR
Log In

You Might Also Like...

Show Comments

Extras

Top Quizzes Today


Score Distribution

Your Account Isn't Verified!

In order to create a playlist on Sporcle, you need to verify the email address you used during registration. Go to your Sporcle Settings to finish the process.